Aplikácia strojového videnia

Guardado en:
Detalles Bibliográficos
Autor principal: Gaštan, Filip (Autor)
Otros Autores: Haffner, Oto (Orientador)
Formato: Manuscrito Libro
Lenguaje:eslovaco
Publicado: Bratislava : STU v Bratislave FEI, 2023
Materias:
Acceso en línea:https://opac.crzp.sk/?fn=detailBiblioFormChildMQCK4&sid=C03CB0FBA6588971DE3C21D1B6BF&seo=CRZP-detail-kniha
Etiquetas: Agregar Etiqueta
Sin Etiquetas, Sea el primero en etiquetar este registro!

MARC

LEADER 00000ntm a22000003a 4500
001 stuzp85936
003 SK-STU
005 20241204154515.4
007 ta
008 150427s2015----xo-----f-mn---000-0-slo-d
040 |a STU  |b slo 
041 0 |a slo 
044 |a xo 
100 1 |a Gaštan, Filip  |u 030400  |4 aut  |U FEI Fakulta elektrotechniky a informatiky  |T FEI Ústav automobilovej mechatroniky  |X 73013  |U E400  |Y 642  |7 73013 
242 0 1 |a Application of machine vision  |y eng 
245 1 0 |a Aplikácia strojového videnia 
260 |a Bratislava :  |b STU v Bratislave FEI,  |c 2023 
300 |a 54 s. 
650 4 |a strojové videnie  |2 slo 
650 4 |a NI myRIO  |2 slo 
650 4 |a NI LabVIEW  |2 slo 
650 4 |a machine vision  |2 eng 
650 4 |a NI myRIO  |2 eng 
650 4 |a NI LabVIEW  |2 eng 
700 1 |a Haffner, Oto  |u 030400  |k Z1  |4 ths  |U FEI Fakulta elektrotechniky a informatiky  |T FEI Ústav automobilovej mechatroniky  |X 56107  |U E400  |Y 642  |7 A000056107 
856 4 |u https://opac.crzp.sk/?fn=detailBiblioFormChildMQCK4&sid=C03CB0FBA6588971DE3C21D1B6BF&seo=CRZP-detail-kniha